Areas protegidas, recursos naturales: ¿con la gente o sin la gente? /
Guardat en:
| Autor principal: | |
|---|---|
| Format: | Text |
| Etiquetes: |
Afegir etiqueta
Sense etiquetes, Sigues el primer a etiquetar aquest registre!
|
MARC
| LEADER | 00000 a a2200000 04500 | ||
|---|---|---|---|
| 001 | 7174 | ||
| 003 | |||
| 040 | |||
| 100 | |a Barahona Najlis, Túpac Amaru | ||
| 245 | |a Areas protegidas, recursos naturales: |b ¿con la gente o sin la gente? / |c Túpac Amaru Barahona Najlis | ||
| 773 | |g volumen 20, número 234; páginas 36-44 | ||
| 999 | |c 38964 |d 38964 | ||
